Odgadnij państwo po podpowiedziach-Masakrycznie trudne - Statystyki

Ogólne statystyki
  • Ten quiz został rozwiązany 47 razy
  • Średni wynik to 3 z 12
Statystyki odpowiedzi
Wskazówka Odpowiedź % Poprawnych
17 osób z tego kraju otrzymało Nobla Polska
68%
Jest największym światowym producentem towarów jak kawa trzcina cukrowa soja pomarańcza Brazylia
64%
Każdego roku do tego kraju przyjeżdża około 200 turystów Nauru
39%
W roku 2022 w tym kraju gęstość zaludnienia wynosiła 40,8 osób/km2 Demokratyczna Republika Konga
25%
Dwie Trzecie tego kraju w rzeczywistości nie posiada obywatelstwa tego kraju Andora
20%
Jedna Trzecia ludności tego kraju nie ukończyła 14 roku życia a średni wiek wynosi 22,3 roku Bhutan
18%
W 2010 prawie 80% bawełny uprawianej w tym kraju pochodziło z genetycznie modyfikowanych nasion Burkina Faso
18%
Ten kraj jest na 197 pozycji krajów o największej ilości ludności na świecie Kiribati
16%
Narodową potrawą tego kraju jest danie kukurydziane z cebulą i serem Paragwaj
16%
Nie oficjalna nazwa tego kraju to ,,Ziemia Ognia,, Azerbejdżan
14%
Nazwa tego kraju wywodzi się od drzew figowych Barbados
11%
Ten kraj jest znany jako ,,Kraina Wulkanów,, Salwador
11%
Nie znaleziono quizów pasujących do podanych kryteriów
Rozkład punktacji
Procent ludzi z każdym wynikiem
Percentyl według liczby udzielonych odpowiedzi
Twoja historia wyników
Nie rozwiązałeś tego quizu